000 00847nam a2200253 i 4500
003 DO-SdBNP
005 20240506085048.0
006 a||||ar|||| 00| 0
007 ta
008 240503e2022 dr a|||| |||| 00| 0 spa d
020 _a9789945180763
040 _aDO-SdBNP
_bspa
_cBNPHU
_erda
082 _222
_bR789c
100 1 _aRosario, Fe María
_918958
_eautora
245 1 0 _aCarrusel del saber 2do. ciclo:
_bnivel inicial - kinder módulo A, lecto escritura /
_cFe María Rosario.
264 1 _a[no identificado] :
_b[no identificado],
_c2022
300 _a183 páginas :
_bilustraciones ;
_c28 cm.
336 _2rdacontent
_atexto
_btxt
337 _2rdamedia
_asin mediación
_bn
338 _2rdacarrier
_avolumen
_bnc
500 _a(4 - 5 años) Pre - Kinder Módulo A, Segundo Ciclo.
590 _aInventariado 2024 / MF
942 _2ddc
_cLBS1
999 _c56600
_d56600